| 000 | 00690nam a22001937a 4500 | ||
|---|---|---|---|
| 005 | 20160830164450.0 | ||
| 010 | _aENG-115438-440 | ||
| 020 |
_c5000.00 (set of 3 vols) _a9788190821391(set of 3 vols) |
||
| 035 | _aEN-98970-972 | ||
| 037 | _bDBAD/PUB | ||
| 082 | _a355.003 | ||
| 100 | _aK.K.Singh | ||
| 245 |
_a Dictionary of military : _cby K.K. Singh _b terms and definitions / |
||
| 246 | _aIndo- China relations and 1962 war; Krishna Kumar Singh | ||
| 260 |
_aDelhi _bNeeraj Publishing House _c2014 |
||
| 270 |
_a425,Nimri Colony,Ashok Vihar,Phase-IV _bDelhi _e110052 |
||
| 300 |
_avi,362p. ;vi,363-772p. ,vi,773-992p. _c22cm(Hb) |
||
| 942 |
_2ddc _cEN _h355.003 _mKRI |
||
| 999 |
_c101324 _d101324 |
||